Apprendre les pièces de la maison en Italien - Statistiques

Statistiques générales
  • Ce quiz a été pris 24 fois
  • Le résultat moyen est 6 sur 15
Statistiques - réponses
Français Italien / Italiano % Correct
Cuisine Cucina
100%
Porte Porta
74%
Jardin Giardino
63%
Salle de bain Bagno
58%
Escaliers Scale
53%
Terrasse Terrazza
53%
Couloir Corridoio
32%
Garage Garage
32%
Chambre Camera da letto
26%
Salon Soggiorno
21%
Toilette Toilette
21%
Grenier Attico
11%
Cave Cantina
11%
Hall Atrio
0%
Dressing Spogliatoio
0%
Aucun quiz correspondant
Distribution des résultats
% des personnes avec chaque résultat
Percentile par nombre de réponses
Votre historique - résultats
Vous n’avez pas pris ce quiz